| 000 | 00589nam a2200229Ia 4500 | ||
|---|---|---|---|
| 003 | OSt | ||
| 005 | 20230511092244.0 | ||
| 008 | 210423s2012 xx 000 0 und d | ||
| 020 | _a978-0-415-53506-9 | ||
| 040 | _cAL | ||
| 041 | _aeng | ||
| 082 | _a158.7 DCRW | ||
| 100 |
_aDCRUZ (Premilla) _9102156 |
||
| 245 | _aWorkplace bullying in India | ||
| 260 |
_aNew Delhi _bRoutledge _c2012 |
||
| 300 |
_axxiii,155p _bHB |
||
| 365 |
_b595 _cINR |
||
| 650 |
_aIndustrial Psychology _9102157 |
||
| 650 |
_aPsychology _9102158 |
||
| 906 | _abullying ; India ; Workplace | ||
| 942 |
_2ddc _cBK |
||
| 999 |
_c165797 _d165797 |
||